Learning and instruction : (رقم التسجيلة. 21201)

تفاصيل مارك
000 -الفاتح
حقل البيانات ثابتة الطول 00940cam a2200277 a 4500
001 - رقم الضبط
رقم الضبط 13450401
003 - محدد رقم الضبط
رقم الضبط OSt
005 - وقت وتاريخ اخر تعامل مع التسجيلة
رقم الضبط 20150408114011.0
008 - عناصر البيانات ثابتة الطول - معلومات عامة
حقل البيانات ثابتة الطول 040106s2005 njua b 001 0 eng
010 ## - رقم ضبط مكتبة الكونجرس
رقم ضبط مكتبة الكونجرس 2004040024
020 ## - الرقم الدولى المعيارى للكتب
الرقم الدولى المعيارى للكتاب 013111980X
040 ## - مصدر الفهرسة
وكالة الفهرسة الأصلية DLC
وكالة النسخ DLC
وكالة التعديل DLC
050 00 - رقم طلب مكتبة الكونجرس
رقم التصنيف LB1060
رقم المادة .G73 2005
082 00 - رقم تصنيف ديوى العشرى
رقم التصنيف 370.1523
رقم الطبعة 22
100 1# - المدخل الرئيسى - إسم شخصى
الإسم الشخصى Gredler, Margaret E.
9 (RLIN) 10207
245 10 - بيان العنوان
العنوان Learning and instruction :
بقية العنوان theory into practice /
بيان المسئوليه,etc Margaret E. Gredler.
250 ## - بيان الطبعة
بيان الطبعة 5th ed.
260 ## - PUBLICATION, DISTRIBUTION, ETC. (IMPRINT)
مكان الناشر او الموزع Upper Saddle River, N.J. :
اسم الناشر او الموزع Pearson/Merrill Prentice Hall,
تاريخ النشر أو التوزيع c2005.
300 ## - الوصف المادى
التعداد xii, 450 p. :
تفاصيل ماديه اخرى للوعاء ill. ;
أبعاد الوعاء 25 cm.
504 ## - تبصرة ببليوجرافية
تبصرة ببليوجرافية,الخ Includes bibliographical references and indexes.
650 #0 - المدخل الاضافى بالموضوع-مصطلح موضوعى
مصطلح موضوعي أو اسم جغرافي كعنصر مدخل Learning.
650 #0 - المدخل الاضافى بالموضوع-مصطلح موضوعى
مصطلح موضوعي أو اسم جغرافي كعنصر مدخل Cognition in children.
9 (RLIN) 7159
650 #0 - المدخل الاضافى بالموضوع-مصطلح موضوعى
مصطلح موضوعي أو اسم جغرافي كعنصر مدخل Teaching.
942 ## - عناصر المدخل الإضافي( كوها)
مصدر التصنيف او مخطط الترفيف Dewey Decimal Classification
Koha [default] item type DVD
المقتنيات
حالة الفقد نموذج السعر الفعال حالة تلف ليس للاعارة رقم الطلب تاريخ الاكتساب الموقع الحالي الباركود الفرع الرئيسي Date last seen نوع المادة فى نظام كوها مصدر التصنيف او خطة الترفيف Total Checkouts
  2013-03-10     370.1523 M G L 2012-04-05 مكتبة كلية العلوم الطبية التطبيقية بالمجمعة - طالبات (AMF) 00025742 مكتبة كلية العلوم الطبية التطبيقية بالمجمعة - طالبات (AMF) 2013-03-10 كتاب Dewey Decimal Classification